Представление документа в формате RUSMARC

ПолеНазваниеЗначение
  Тип записи a
  Библиографический уровень a
001 Контрольный номер RU/CBS_UL/BASE/b1badd0f9ce049b69871de7ff9b64002
005 Дата корректировки 20260310232124.4
100 Данные общей обработки __
a Данные общей обработки 20260310 ||| 0rusy0189 ca
101 Язык документа 0_
a Язык текста rus
102 Страна публикации __
a Страна публикации RU
200 Заглавие и сведения об ответственности 1_
a Заглавие Штык и перо. «Великое русское слово»
e Сведения, относящиеся к заглавию [поэты-фронтовики Ю. Друнина, К. Симонов, Б. Окуджава, А. Сурков, военные стихи А. Ахматовой]
f Первые сведения об ответственности К. Васильева
300 Общие примечания __
a Общие примечания 6+
461 Уровень набора _0
1 2000
a Эскиз
463 Уровень физической единицы _0
1 2000
a № 5
v С. 18-21 : фт., ил.
1 2101
d 2025
1 001RU/CBS_UL/BASE/bab57ecf394a4a2b915e8dd0e797a5d1
600 Персоналии _1
a Персоналии (Фамилия) Друнина
b Персоналии (Имя, инициалы) Ю.В.
600 Персоналии _1
a Персоналии (Фамилия) Симонов
b Персоналии (Имя, инициалы) К.М.
600 Персоналии _1
a Персоналии (Фамилия) Сурков
b Персоналии (Имя, инициалы) А.А.
600 Персоналии _1
a Персоналии (Фамилия) Ахматова
b Персоналии (Имя, инициалы) А.А.
600 Персоналии _1
a Персоналии (Фамилия) Окуджава
b Персоналии (Имя, инициалы) Б.Ш.
606 Тематические рубрики 0_
a Основная рубрика Русская литература, 20 в. - Фронтовая поэзия
610 Ключевые слова 0_
a Ключевые слова русская поэзия, советская поэзия, фронтовая поэзия, военная поэзия, фронтовые стихи, военные стихи, поэты-фронтовики, фронтовые поэты, Жди меня (стихи), В землянке (стихи)
686 Индексы других классификаций __
2 Код системы rubbk
a Классификационный индекс 83.3(2Рос=Рус)6
700 Автор _1
a Фамилия Васильева
b Имя (инициалы) К.
801 Источник записи _0
a Страна RU
b Организация МБУК ЦБС г. Ульяновска
c Дата составления 20260310
g Правила каталогизации RCR
801 Источник записи _1
a Страна RU
b Организация МБУК ЦБС г. Ульяновска
c Дата составления 20260310
g Правила каталогизации RCR
901 Тип документа __
t Тип документа b
w Контрольный № источника RU/CBS_UL/BASE/bab57ecf394a4a2b915e8dd0e797a5d1
909 Создатель записи __
a Создатель записи lib1